000
00341nam a22001457a 4500
008
210302b ||||| |||| 00| 0 eng d
020
_a
0803662866
041
_a
eng
080
_a
617
082
_a
617
100
_a
5
101
_a
KIR
245
_a
Management of Medical Problems in Surgical Patients
_c
Molitch, M. E
942
_2
udc
_c
BK
999
_c
55476
_d
55476